000 00302nam a22001337a 4500
003 SGT
020 _a 978-81-7446-556-1
082 _a332 GUL
100 _aGULATI,NEELAM C
245 _aPRINCIPLES OF INSURANCE MANAGEMENT
260 _aNEW DELHI
_bEXCEL BOOK
_c2010
300 _a342
942 _2ddc
_cFCM
999 _c10560
_d10560